Catálogo público

Evaluación de la población de serpientes dentro de las áreas experimentales de la Universidad Autónoma Chapingo / (Record no. 220853)

MARC details
000 -CABECERA
campo de control de longitud fija 03418nam a2200313 a 4500
003 - IDENTIFICADOR DEL NÚMERO DE CONTROL
campo de control OSt
005 - FECHA Y HORA DE LA ÚLTIMA TRANSACCIÓN
campo de control 20250924102720.0
007 - CAMPO FIJO DE DESCRIPCIÓN FÍSICA--INFORMACIÓN GENERAL
campo de control de longitud fija cr ||||||a|a|a
008 - DATOS DE LONGITUD FIJA--INFORMACIÓN GENERAL
campo de control de longitud fija 250826s2025 mx a|||fom||| 001 0 spa d
040 ## - FUENTE DE LA CATALOGACIÓN
Normas de descripción rda
100 1# - ENTRADA PRINCIPAL--NOMBRE DE PERSONA
Nombre de persona Rodríguez Martínez, Manuel Alejandro
9 (RLIN) 190974
245 10 - MENCIÓN DE TÍTULO
Título Evaluación de la población de serpientes dentro de las áreas experimentales de la Universidad Autónoma Chapingo /
Mención de responsabilidad, etc. por Manuel Alejandro Rodriguez Martinez; director de tesis José Rico Cerda; secretario Beatriz Cecilia Aguilar Valdez; vocal Luis Ramón Munive Hernández; suplente Judith Bandala Aguilar; suplente Javier Santillán Pérez.
264 #1 - PRODUCCIÓN, PUBLICACIÓN, DISTRIBUCIÓN, FABRICACIÓN Y COPYRIGHT
Producción, publicación, distribución, fabricación y copyright Chapingo, México :
Nombre del de productor, editor, distribuidor, fabricante El autor,
Fecha de producción, publicación, distribución, fabricación o copyright 2025.
300 ## - DESCRIPCIÓN FÍSICA
Extensión 1 recurso en línea (92 páginas):
Otras características físicas cuadros, figuras.
336 ## - TIPO DE CONTENIDO
Fuente rdacontent
Término de tipo de contenido texto
Código de tipo de contenido txt
337 ## - TIPO DE MEDIO
Fuente rdamedia
Nombre/término del tipo de medio computadora
Código del tipo de medio c
338 ## - TIPO DE SOPORTE
Fuente rdacarrier
Nombre/término del tipo de soporte recurso en línea
Código del tipo de soporte cr
502 ## - NOTA DE TESIS
Tipo de título Ingeniería Forestal
Nombre de la institución que otorga el título División de Ciencias Forestales,
Año de obtención del título 2025.
Información miscelánea Licenciatura
504 ## - NOTA DE BIBLIOGRAFÍA, ETC.
Nota de bibliografía, etc. Incluye referencias bibliográficas:76-81 páginas .
520 ## - SUMARIO, ETC.
Sumario, etc. El presente estudio se llevó a cabo en áreas experimentales de la Universidad Autónoma Chapingo para evaluar la comunidad de serpientes, enfocándose en su distribución espacial, características morfológicas y la eficacia de las trampas de calor (T.C) como refugios a lo largo de diferentes estaciones del año. Utilizando un método de observación directa y análisis cuantitativo, se realizaron monitoreos en el año 2019 antes de pandemia y en el año 2023. Los resultados muestran un registro de 66 individuos en 2019 y 40 individuos en 2023 pertenecientes a cuatro especies, siendo Conopsis lineata, Pituophis deppei, Thamnophis scaliger y Salvadora grahamiae, además de la presencia de Indotyphlops braminus en el área de estudio, fuera de las trampas de calor. Pituophis deppei y Thamnophis scaliger, clasificadas como amenazadas de acuerdo con la Norma Oficial Mexicana 059-SEMARNAT-2010, representaron el 55% de registros en 2023 y el 75% de los registros de 2019. Por otra parte, para Salvadora grahamiae se observaron desequilibrios en la proporción de sexos, con un 90% de machos en 2023 y el 100% en 2019. Asimismo, se notó un cambio significativo en la presencia de Conopsis lineata, ausente en el monitoreo de 2023. Los resultados mostraron que las trampas de calor son una herramienta eficaz para el monitoreo y conservación, identificando factores como la temperatura, la humedad y el sustrato como determinantes de su eficacia. En conclusión, el trabajo realizado resalta la importancia de las T.C como un método de monitoreo de serpientes en hábitats alterados, sugiriendo su aplicación en contextos ecológicos similares. La preservación de áreas como el huerto de Cupressus guadalupensis es esencial para mantener la biodiversidad local y mitigar los efectos de la actividad humana y las alteraciones climáticas.
650 #4 - PUNTO DE ACCESO ADICIONAL DE MATERIA--TÉRMINO DE MATERIA
Término de materia o nombre geográfico como elemento de entrada Serpientes
Subdivisión geográfica Universidad Autonoma Chapingo
Subdivisión general Identificación
9 (RLIN) 191230
700 1# - PUNTO DE ACCESO ADICIONAL--NOMBRE DE PERSONA
Nombre de persona Rico Cerda, José
9 (RLIN) 97321
Término indicativo de función/relación director.
700 1# - PUNTO DE ACCESO ADICIONAL--NOMBRE DE PERSONA
Nombre de persona Aguilar Valdez, Beatriz Cecilia
9 (RLIN) 190689
Término indicativo de función/relación secretario.
700 1# - PUNTO DE ACCESO ADICIONAL--NOMBRE DE PERSONA
Nombre de persona Munive Hernández, Luis Ramón
9 (RLIN) 185887
Término indicativo de función/relación vocal.
700 1# - PUNTO DE ACCESO ADICIONAL--NOMBRE DE PERSONA
Nombre de persona Bandala Aguilar, Judith
9 (RLIN) 133739
Término indicativo de función/relación suplente.
700 1# - PUNTO DE ACCESO ADICIONAL--NOMBRE DE PERSONA
Nombre de persona Santillán Pérez, Javier
9 (RLIN) 102430
Término indicativo de función/relación suplente.
856 ## - LOCALIZACIÓN Y ACCESO ELECTRÓNICOS
Identificador Uniforme del Recurso http://10.13.5.2/tesis/tl/1812203-5_RODRIGUEZ_MARTINEZ_MANUELALEJANDRO.pdf
Nota pública DESCARGAR PDF
942 ## - ELEMENTOS DE PUNTO DE ACCESO ADICIONAL (KOHA)
Fuente del sistema de clasificación o colocación Clasificación Universidad Autónoma Chapingo
Tipo de ítem Koha Tesis digital
Holdings
Estado de retiro Estado de pérdida Fuente del sistema de clasificación o colocación Estado dañado Restricciones de uso No para préstamo Código de colección Localización permanente Ubicación/localización actual Ubicación en estantería Fecha de adquisición Total de préstamos Signatura topográfica completa Fecha visto por última vez Precio válido a partir de Tipo de ítem Koha
    Clasificación Universidad Autónoma de Chapingo   Préstamo interno   Tesis digitales de Licenciatura Biblioteca Digital Biblioteca Digital En línea 26/08/2025   Tesis digital 26/08/2025 26/08/2025 Tesis digital